000 00765cam a2200253 a 4500
008
020 _a0073048763 (pbk. )
049 _aMAIN
090 _aQD415
_bCHE
245 0 0 _aChemistry in context :
_bapplying chemistry to society /
_cLucy Pryde Eubanks... [et al.]
250 _a6th ed.
260 _aBoston :
_bMcGraw-Hill Higher Education,
_cc2009.
300 _axix, 586 p. :
_bcol. ill. + col. maps ;
_c28 cm.
500 _aIncludes index.
650 0 _aBiochemistry.
650 0 _aEnvironmental chemistry.
650 0 _aGeochemistry.
700 1 _aEubanks, Lucy Pryde.
907 _a.b10294429
_b20-07-11
_c06-04-11
003
005 20230123125217.0
040 _cNUST
942 _cBOOKS
_kQD415
_mCHE
999 _c137634
_d137634